Journal of Medical Surgical Nursing Practice and Research (Record no. 1885)
[ view plain ]
| 000 -LEADER | |
|---|---|
| Fixed length control field | 00583nas a22001817a 4500 |
| 003 - CONTROL NUMBER IDENTIFIER | |
| Control field | IIN |
| 005 - DATE AND TIME OF LATEST TRANSACTION | |
| Control field | 20251211130945.0 |
| 008 - FIXED-LENGTH DATA ELEMENTS--GENERAL INFORMATION | |
| Fixed length control field | 251211c2019 |||gr|p |||| 00| 0 eng d |
| 022 ## - INTERNATIONAL STANDARD SERIAL NUMBER / ISSN | |
| International Standard Serial Number | 2582-1512 (e-ISSN) |
| 040 ## - CATALOGING SOURCE | |
| Original cataloging agency | IIN |
| 245 ## - TITLE STATEMENT | |
| Title | Journal of Medical Surgical Nursing Practice and Research |
| Statement of responsibility | edited by I. Clement |
| 260 ## - IMPRINT | |
| Place of publication | Utter Pradesh |
| Name of publisher | MAT Journals |
| Date of publication | 2019 |
| 300 ## - PHYSICAL DESCRIPTION | |
| Page / Vol. No | vol. 1 no. 1 |
| 650 ## - SUBJECT ADDED ENTRY--TOPICAL TERM | |
| Topical term | Nursing |
| General subdivision | Medical Surgical |
| 650 ## - SUBJECT ADDED ENTRY--TOPICAL TERM | |
| Topical term | Nursing |
| General subdivision | Research |
| 856 ## - ELECTRONIC LOCATION AND ACCESS | |
| Uniform Resource Identifier | https://matjournals.com/Journal-of-Medical-Surgical-Nursing-Practice-and-Research.html |
| 942 ## - ADDED ENTRY ELEMENTS (KOHA) | |
| Koha item type | Serials |
No items available.
